000
00373nam a2200169Ia 4500
005
20250423100741.0
008
250422s9999 xx 000 0 und d
020
_a
85599875
050
_a
KD 600 .M6/
100
_a
Sheik Mohammed Ali
245
0
_a
Quran Interpretation
260
_a
Egypt
260
_b
Dara,salam
260
_c
2007
300
_a
234 p
942
_c
BK
999
_c
34232
_d
34232